Biblioteca

Perfiles de América Latina : (Registro nro. 70695)

Detalles MARC
000 -LÍDER
Campo fijo de descripción fija 02215nam a2200457 i 4500
001 - NÚMERO DE CONTROL
Campo de control 768714001
003 - IDENTIFICADOR DEL NÚMERO DE CONTROL
Campo de control CO-MdFUSB
005 - FECHA Y HORA DE LA ULTIMA TRANSACCIÓN
control field 20260430153033.0
007 - CAMPO FIJO DE DESCRIPCIÓN FIJA--INFORMACIÓN GENERAL
Campo fijo de descripción fija ta
008 - ELEMENTOS DE LONGITUD FIJA -- INFORMACIÓN GENERAL
Campo fijo de descripción fija -- Información general 240801t1992 ve |||| |||| 00| 0 spa d
020 ## - NÚMERO INTERNACIONAL NORMALIZADO PARA LIBROS
Número Internacional Normalizado del libro 9800106758
040 ## - FUENTE DE CATALOGACIÓN
Agencia de catalogación original CO-MdFUSB
Idioma de catalogación spa
Agencia que realiza la transcripción CO-MdFUSB
Agencia que realiza la modificación CO-MdFUSBC
Convenciones de la descripción rda
041 ## - CÓDIGO DE IDIOMA
Código de idioma para texto/pista de sonido o título separado spa
082 ## - NÚMERO DE CLASIFICACIÓN DECIMAL DEWEY
Número de la edición del Dewey 23
Número de clasificación 980.04
Clave de autor-Numero de item P438
100 ## - ASIENTO PRINCIPAL--NOMBRE PERSONAL
Nombre personal Uslar-Pietri, Arturo,
Término relacionador autor
245 ## - TÍTULO
Título del Material Perfiles de América Latina :
Parte restante del título - Subtitulo ocho visiones venezolanas
Mención de responsabilidad, etc. / Arturo Uslar Pietri , Héctor Malavé Mata [… y otros seis autores]
250 ## - MENCIÓN DE EDICIÓN
Mención de edición Primera edición.
264 #1 - PRODUCCIÓN, PUBLICACIÓN, DISTRIBUCIÓN, MANUFACTURA, Y COPYRIGHT
Lugar de producción, publicación, distribución, manufactura Caracas, Venezuela :
Nombre del productor, publicador, distribuidor Monte Avila,
Fecha de producción, publicación, distribución, manufactura, o copyright [1992]
264 #4 - PRODUCCIÓN, PUBLICACIÓN, DISTRIBUCIÓN, MANUFACTURA, Y COPYRIGHT
Fecha de producción, publicación, distribución, manufactura, o copyright ©1992
300 ## - DESCRIPCIÓN FÍSICA
Extensión 267 páginas
Dimensiones ; 20 cm
336 ## - TIPO DE CONTENIDO
Fuente rdacontent
Término de tipo de contenido texto
Código de tipo de contenido txt
337 ## - TIPO DE MEDIO
Fuente rdamedia
Nombre del tipo de medio sin mediación
Código del tipo de medio n
338 ## - TIPO DE SOPORTE
Fuente rdacarrier
Nombre del tipo de soporte volumen
Código Tipo de soporte nc
490 ## - MENCIÓN DE SERIE
Mención de serie Colección Documentos
505 ## - NOTA DE CONTENIDO
Nota de contenido con formato preestablecido Existe la América Latina? / Artuica Latina : eficiencia, política y pobreza / Ramón Escovar Salom. -- La economía latinoamericana en lro Uslar Pietri. -- Utopía y realidad en la construcción de América Latina / Héctor Malavé Mata. -- Améra transición del siglo XXI / D.F. Maza Zavala. -- La literatura hispanoamericana en el umbral del siglo XXI / Alexis Márquez Rodríguez. -- Modernidad y expresión literaria en América Latina / Víctor Bravo. -- Esbozo de un subcontinente incomunicado / Antonio Pasquali. -- El tránsito contemporáneo de América Latina / Manuel Alfredo Rodríguez
563 ## - NOTA DE ENCUADERNACIÓN
Nota de encuadernación Rústico
653 ## - TÉRMINO DE INDIZACIÓN - NO CONTROLADO
Término no controlado América Latina — Civilización — Siglo XX
653 ## - TÉRMINO DE INDIZACIÓN - NO CONTROLADO
Término no controlado América Latina — Política y gobierno — Siglo XX
653 ## - TÉRMINO DE INDIZACIÓN - NO CONTROLADO
Término no controlado América Latina — Condiciones económicas — Siglo XX
653 ## - TÉRMINO DE INDIZACIÓN - NO CONTROLADO
Término no controlado América Latina — Ensayos
700 ## - ASIENTO SECUNDARIO - NOMBRE PERSONAL
Nombre personal Uslar-Pietri, Arturo,
9 (RLIN) 10422
Responsabilidad autor
700 ## - ASIENTO SECUNDARIO - NOMBRE PERSONAL
Nombre personal Malavé Mata, Héctor,
9 (RLIN) 10432
Responsabilidad autor
700 ## - ASIENTO SECUNDARIO - NOMBRE PERSONAL
Nombre personal Escovar Salom, Ramón.
9 (RLIN) 10425
Responsabilidad autor
700 ## - ASIENTO SECUNDARIO - NOMBRE PERSONAL
Nombre personal Maza Zavala, Domingo Felipe,
9 (RLIN) 10426
Responsabilidad autor
700 ## - ASIENTO SECUNDARIO - NOMBRE PERSONAL
Nombre personal Márquez Rodríguez, Alexis,
9 (RLIN) 10427
Responsabilidad autor
700 ## - ASIENTO SECUNDARIO - NOMBRE PERSONAL
Nombre personal Bravo, Víctor,
9 (RLIN) 10428
Responsabilidad autor
700 ## - ASIENTO SECUNDARIO - NOMBRE PERSONAL
Nombre personal Pasquali, Antonio,
9 (RLIN) 10430
Responsabilidad autor
700 ## - ASIENTO SECUNDARIO - NOMBRE PERSONAL
Nombre personal Rodríguez, Manuel Alfredo,
9 (RLIN) 10431
Responsabilidad autor
942 ## - TIPO DE MATERIAL (KOHA)
Tipo de Item KOHA Libros General
945 ## - INFORMACIÓN LOCAL DEL REGISTRO
Catalogador JTF-925
Existencias
Estado de Material Estado de Perdido Forma de Clasificación Estado de Dañado No para Préstamo Colección Biblioteca de Origen Biblioteca Permanente Fecha de Adquisición Área Total de Préstamos Signatura Topográfica Código de Barras Última vez visto Ejemplar/Existencia Fecha de Remplazo Tipo de Material
    Dewey Decimal Classification     Colección General Biblioteca FUSBC Biblioteca FUSBC 01/08/2024 HISTORIA   G 980.04 US86p 22153 01/08/2024 Ej. 1 01/08/2024 Libros General

Biblioteca FUSBC | Teléfono: (57+4) 349 88 10 Ext. 141| WhatsApp (+57) 3005338115 
E-mail: biblioteca@unisbc.edu.co | Calle 76 87-14 Robledo Palenque, Medellín, Colombia

Con tecnología Koha